000 01031nam a2200229 4500
001 139955
003 ES-MaACL
005 20250815113045.0
007 t|
008 070214q1910 sp r ||||1| spa d
100 1 _aSchmidt, Ernst.
_9104471
245 1 0 _aTratado de química farmacéutica /
_cpor el profesor Dr. Ernesto Schmidt ; traducido directamente de la 5ª y última edición alemana, con prólogo y notas por T. de Aranzadi ... [et al.].
260 _aBarcelona :
_bJóse Espasa e hijos,
_c[1910?]
300 _a3 v. :
_bil. ;
_c27 cm.
505 8 _aContiene: 1. Química inorgánica - 2. Química orgánica. Primera parte: Compuestos orgánicos de cadena abierta - 3. Química orgánica. Segunda parte: Compuestos orgánicos de cadena cerrada
597 _aVol. 1 carece de portada.
650 7 _aQuímica inorgánica
_2embne
_916638
650 7 _aQuímica orgánica
_2embne
_9136799
700 1 _aAranzadi, Telesforo de,
_d1860-1945
_922335
852 _aES-MaACL
_jB-4620-22
999 _c139955
_d139955